The 1975 all songs - Statistics

General Stats
  • This quiz has been taken 1,198 times
  • The average score is 63 of 105
Answer Stats
Hint Answer % Correct
IV Haunt / Bed
100%
Sex | The 1975 Sex
94%
A Brief Inquiry into Online Relationships | Being Funny in a Foreign Language | I Like It When You Sleep, for You Are So Beautiful Yet So Unaware of It | +2 others The 1975
94%
Music for Cars | The 1975 Chocolate
90%
Music for Cars Me
88%
Being Funny in a Foreign Language About You
86%
The 1975 Robbers
85%
The 1975 Girls
83%
I Like It When You Sleep, for You Are So Beautiful Yet So Unaware of It Somebody Else
78%
Sex You
77%
A Brief Inquiry into Online Relationships It's Not Living (If It's Not With You)
76%
I Like It When You Sleep, for You Are So Beautiful Yet So Unaware of It Paris
76%
Facedown | IV | The 1975 The City
76%
A Brief Inquiry into Online Relationships Love It If We Made It
75%
Being Funny in a Foreign Language Oh Caroline
75%
Being Funny in a Foreign Language Happiness
74%
Being Funny in a Foreign Language I'm In Love With You
74%
I Like It When You Sleep, for You Are So Beautiful Yet So Unaware of It The Sound
74%
Notes on a Conditional Form People
73%
I Like It When You Sleep, for You Are So Beautiful Yet So Unaware of It Love Me
72%
Being Funny in a Foreign Language Part Of The Band
71%
A Brief Inquiry into Online Relationships TOOTIMETOOTIMETOOTIME
71%
I Like It When You Sleep, for You Are So Beautiful Yet So Unaware of It A Change Of Heart
70%
Notes on a Conditional Form If You're Too Shy (Let Me Know)
70%
Sex | Singles Milk
68%
I Like It When You Sleep, for You Are So Beautiful Yet So Unaware of It She's American
68%
A Brief Inquiry into Online Relationships Give Yourself A Try
67%
Being Funny in a Foreign Language Looking For Somebody (To Love)
67%
I Like It When You Sleep, for You Are So Beautiful Yet So Unaware of It Nana
67%
I Like It When You Sleep, for You Are So Beautiful Yet So Unaware of It UGH!
67%
Being Funny in a Foreign Language Wintering
67%
A Brief Inquiry into Online Relationships I Always Wanna Die (Sometimes)
66%
The 1975 Menswear
66%
The 1975 Settle Down
66%
A Brief Inquiry into Online Relationships Sincerity Is Scary
66%
The 1975 M.O.N.E.Y
65%
Being Funny in a Foreign Language When We Are Together
65%
The 1975 Heart Out
64%
Notes on a Conditional Form Guys
63%
Notes on a Conditional Form Me & You Together Song
63%
Notes on a Conditional Form Roadkill
63%
I Like It When You Sleep, for You Are So Beautiful Yet So Unaware of It I Like It When You Sleep, for You Are So Beautiful Yet So Unaware of It
62%
A Brief Inquiry into Online Relationships Be My Mistake
60%
IV Fallingforyou
60%
I Like It When You Sleep, for You Are So Beautiful Yet So Unaware of It The Ballad Of Me And My Brain
60%
Notes on a Conditional Form The Birthday Party
60%
I Like It When You Sleep, for You Are So Beautiful Yet So Unaware of It She Lays Down
58%
Facedown Antichrist
57%
Facedown Facedown
57%
The 1975 Pressure
57%
Being Funny in a Foreign Language All I Need To Hear
56%
Being Funny in a Foreign Language Human Too
56%
The 1975 She Way Out
56%
A Brief Inquiry into Online Relationships I Like America & America Likes Me
55%
The 1975 Talk!
55%
Notes on a Conditional Form Jesus Christ 2005 God Bless America
53%
I Like It When You Sleep, for You Are So Beautiful Yet So Unaware of It Loving Someone
53%
A Brief Inquiry into Online Relationships The Man Who Married A Robot / Love Theme
53%
I Like It When You Sleep, for You Are So Beautiful Yet So Unaware of It If I Believe You
52%
Singles Medicine
52%
A Brief Inquiry into Online Relationships How To Draw / Petrichor
50%
A Brief Inquiry into Online Relationships I Couldn't Be More In Love
50%
The 1975 12
49%
The 1975 Is There Somebody Who Can Watch You
48%
I Like It When You Sleep, for You Are So Beautiful Yet So Unaware of It This Must Be My Dream
48%
The 1975 An Encounter
47%
Notes on a Conditional Form Frail State Of Mind
47%
A Brief Inquiry into Online Relationships Mine
47%
Music for Cars Head.Cars.Bending
46%
I Like It When You Sleep, for You Are So Beautiful Yet So Unaware of It Lostmyhead
46%
Sex Undo
46%
Notes on a Conditional Form Bagsy Not In Net
44%
A Brief Inquiry into Online Relationships Inside Your Mind
44%
I Like It When You Sleep, for You Are So Beautiful Yet So Unaware of It Please Be Naked
44%
Notes on a Conditional Form Tonight (I Wish I Was Your Boy)
44%
Facedown Woman
43%
Notes on a Conditional Form Nothing Revealed / Everything Denied
42%
Music for Cars Anobrain
39%
Notes on a Conditional Form The End (Music For Cars)
39%
Notes on a Conditional Form I Think There's Something You Should Know
38%
IV So Far (It's Alright)
38%
Notes on a Conditional Form Shiny Collarbone
37%
A Brief Inquiry into Online Relationships Surrounded By Heads And Bodies
36%
Notes on a Conditional Form Yeah I Know
36%
Notes on a Conditional Form Don't Worry
35%
Notes on a Conditional Form Streaming
35%
Music for Cars HNSCC
34%
Singles Spinning
33%
Notes on a Conditional Form Then Because She Goes
33%
Singles Narcissist
32%
Sex Intro/Set3
31%
Notes on a Conditional Form Playing On My Mind
31%
Singles By Your Side
29%
Notes on a Conditional Form Having No Head
27%
Notes on a Conditional Form What Should I Say
27%
Singles Now Is the Hour (Cover)
18%
No matching quizzes found
Score Distribution
Percent of People with Each Score
Percentile by Number Answered
Your Score History
You have not taken this quiz